02519agaaa2200301 45000010005000000030009000050050017000140070009000310080040000400400023000800410013001031000048001161300019001642450188001832500022003712600114003933000034005075080215005415110092007565201029008485380016018775460013018936500066019067000066019727000060020387000064020987000055021629440IT-RoPAU20220918181243.0d cvaizq50131s9999||||xx ||| | || ||und|| aIT-RoPAUcIT-RoPAU aITALIANO aDamiani DamianogCodice regista SPICS: 7592 aINCHIESTA (L') aINCHIESTA (L')cProdotto da: Lucisano Fulvio -- Sceneggiatura: Damiani Damiano Bonicelli Vittorio -- Diretto da: Damiani DamianopINCHIESTA (L') (Rif. Codice opera principale : H9440) aEdizione Standard a(ITALIA)bITALIAN INT. FILM - CLESI / Distribuzione: RICORDIg"1986 (1° ed.: 2010 ; Ed. Lingua Orig.: 1986)" aDVDbsonoro, col.c104 minuti a"Fotografia: Di Giacomo Franco; Montaggio: Meniconi Enzo; Musica: Ortolani Riz; Sceneggiatura: Damiani Damiano Bonicelli Vittorio; Scenografia: Fiorentini Enrico; Soggetto: Cecchi D'Amico Suso -- Flajano Ennio" a"Carradine Keith; Keitel Harvey; Logan Phyllis; Infanti Angelo; Satri Lina; Bartoli L." a"L'IMPERATORE TIBERIO INCARICA TAURO DI ANDARE IN PALESTINA E RITROVARE IL CORPO DI UN RIBELLE EBREO, GESU' DI NAZARETH, CROCIFISSO ANNI PRIMA, PER FAR CESSARE LE LEGGENDE SULLA SUA RESURREZIONE. L'INCHIESTA IMPERIALE SUSCITASCALPORE E ALLARME E MOLTI, TRA CUI PONZIO PILATO, SI CHIEDONO SE EFFETTIVAMENTE GLI SCOPI DI TAURO SIANO SOLO QUELLI DI RITROVARE IL CADAVERE DI UN GIUSTIZIATO. ANCHE LA MOGLIE DI PILATO, CLAUDIA, APPARE TURBATA DALLE RICERCHE DI TAURO E SI OFFRE DI ACCOMPAGNARLO AL SEPOLCRO DA CUI SPARI' IL CORPODI GESU'. RACCONTA ANCHE LA STORIA DI MARIA MADDALENA, CHE FU DISCEPOLA DEL NAZARENO ED ASSISTETTE ALLA SUA RESURREZIONE. TUTTE LE TESTIMONIANZE CHE TAURO RACCOGLIE RENDONO SEMPRE PIU' INSPIEGABILE LA SPARIZIONE DEL CORPO E,PROCEDENDO ANCORA NELLE INVESTIGAZIONI, TAURO CAPISCE CHE LA RAZIONALITA' NON BASTA A SPIEGARE IL MISTERO. CONTENUTI EXTRA: INTERVISTA AL PRODUTTORE FULVIO LUCISANO; GALLERIA FOTOGRAFICA; LOCANDINA AMERICANA; BIO-FILMOGRAFIEDI DAMIANO DAMIANI, KEITH CARRADINE, HARVEY KEITEL." aPAL, STEREO aITALIANO aRELIGIOSO - STORIeDVD-FILM [DVD]xCodice MATERIA SPICS: 9947 aCecchi D'Amico Suso e(soggetto)gCodice Soggetto SPICS: 7581 aDamiani Damiano e(regista)gCodice regista SPICS: 7592 aFlajano Ennio e(soggetto)gCodice Soggetto 2° SPICS: 6603 aOrtolani Rize(musica)gCodice Musica SPICS: 11049